| 000 | 01658cam a2200361 a 4500 | ||
|---|---|---|---|
| 001 | 17250193 | ||
| 005 | 20150328142324.0 | ||
| 008 | 120406t2013 njua frb 001 0 eng d | ||
| 010 | _a2012014368 | ||
| 020 | _a9780133028621 | ||
| 020 | _a0133028623 | ||
| 040 |
_aDNLM/DLC _cDLC _dDLC _dEG-ScBUE |
||
| 082 | 0 | 0 |
_a616.075 _222 _bKEE |
| 100 | 1 |
_aKee, Joyce LeFever. _912836 |
|
| 245 | 1 | 0 |
_aPearson handbook of laboratory and diagnostic tests with nursing implications / _cJoyce LeFever Kee. |
| 246 | 3 | 4 |
_aPearson handbook of laboratory and diagnostic tests with nursing implications : _bcurrent, detailed, accessible. |
| 246 | 3 | _aPearson handbook of laboratory & diagnostic tests with nursing implications | |
| 250 | _a7th ed. | ||
| 260 |
_aUpper Saddle River : _bPearson Education, _cc.2013. |
||
| 300 |
_axxii, 695 p. : _btables ; _c18 cm. |
||
| 500 | _aRev. ed. of: Prentice Hall handbook of laboratory & diagnostic tests / Joyce LeFever Kee. 6th ed. 2009. | ||
| 500 | _aIncludes appendixes. | ||
| 500 | _aIndex : p. 673-688. | ||
| 504 | _aBibliography : p. 665-672. | ||
| 505 | 0 | _aConsiderations for use of laboratory tests-Considerations for use of diagnostic tests-School health services : education, screening, and testing-Therapeutic drug monitoring (TDM). | |
| 650 | 1 | 0 |
_aClinical Laboratory Techniques _vHandbooks. _936370 |
| 650 | 1 | 0 |
_aClinical Laboratory Techniques _vNurses' Instruction. _936371 |
| 650 | 2 | 0 |
_aDiagnostic Tests, Routine _vHandbooks. _912842 |
| 650 | 2 | 0 |
_aDiagnostic Tests, Routine _vNurses' Instruction. _912843 |
| 653 |
_bNNUR _cOctober2014 _cMarch2015 |
||
| 655 |
_vreading book _934232 |
||
| 942 |
_2ddc _k616.075 KEE |
||
| 999 |
_c18517 _d18489 |
||